| 000 | 01582cam a2200421 i 4500 | ||
|---|---|---|---|
| 001 | 35900 | ||
| 003 | KOSZ 005 | ||
| 005 | 20260212063349.0 | ||
| 008 | 980313s1997 pl a f f |001 0 pol | ||
| 015 | _aPB 1998/2612 | ||
| 020 | _a8386497874 | ||
| 020 | _a838649784X | ||
| 040 |
_aWA N _cWA N _dKOSZ 005/HR |
||
| 046 | _k1997 | ||
| 080 | _a637.1 | ||
| 080 | _a(075.8) | ||
| 245 | 0 | 0 |
_aMleczarstwo : _bzagadnienia wybrane. _n[T. 1] / _cpod red. Stefana Ziajki ; [oprac. W. Chojnowski et al.] ; Akademia Rolniczo-Techniczna im. M. Oczapowskiego w Olsztynie. |
| 260 |
_aOlsztyn : _bWydaw. ART, _c1997. |
||
| 300 |
_a324, [2] s. : _brys., wykr. ; _c23 cm. |
||
| 336 |
_2rdacontent _aTekst _btxt |
||
| 337 |
_2rdamedia _aBez urządzenia pośredniczącego _bn |
||
| 338 |
_2rdacarrier _aWolumin _bnc |
||
| 380 | _aKsiążki | ||
| 380 | _aPublikacje dydaktyczne | ||
| 385 |
_mPoziom nauczania _aSzkoły wyższe |
||
| 388 | _a1901-2000 | ||
| 388 | _a1989-2000 | ||
| 504 | _aBibliogr. przy rozdz. - Indeks. | ||
| 521 | _aPodręcznik akademicki, dla studentów Wydz. Technologii Żywności i Medycyny Weterynaryjnej. | ||
| 650 | 4 | _aMleczarstwo | |
| 655 | 4 | _aPodręczniki akademickie | |
| 658 | _aRolnictwo i leśnictwo | ||
| 700 | 1 |
_aChojnowski, Władysław. _eAutor |
|
| 700 | 1 |
_aZiajka, Stefan _eRedakcja |
|
| 710 | 2 | _aAkademia Rolniczo-Techniczna im. Michała Oczapowskiego (Olsztyn) | |
| 856 |
_uhttp://koha.tu.koszalin.pl/cgi-bin/koha/opac-detail.pl?biblionumber=35900 _yKatalog online BPK |
||
| 942 |
_2UKD _cKS |
||
| 999 |
_c35900 _d35900 |
||